[Event "Torneo Scheveningen"]
[Site "Legnano ITA"]
[Date "1996.09.??"]
[Round "?"]
[White "Mariano, Elia"]
[Black "Sgnaolin, Davide"]
[Result "1/2-1/2"]
[WhiteElo "1938"]
[BlackElo "2080"]
[PlyCount "49"]
[EventDate "1996.09.21"]

1. f4 d5 2. Nf3 Nf6 3. e3 Bg4 4. b3 Nbd7 5. Bb2 e6 6. Be2 Bxf3 7. Bxf3 Bd6 8.
O-O e5 9. fxe5 Nxe5 10. Nc3 c6 11. d4 Nxf3+ 12. Qxf3 Qc7 13. h3 O-O-O 14. e4
dxe4 15. Nxe4 Nxe4 16. Qxe4 Kb8 17. c4 Qd7 18. Qf5 Qxf5 19. Rxf5 f6 20. Re1
Rhe8 21. Rxe8 Rxe8 22. Kf2 Kc8 23. Rf3 Kd7 24. g4 Re4 25. Re3 1/2-1/2

[Event "Torneo Scheveningen"]
[Site "Legnano ITA"]
[Date "1996.09.??"]
[Round "?"]
[White "Sbarra, Marco"]
[Black "Mariano, Elia"]
[Result "1/2-1/2"]
[WhiteElo "2280"]
[BlackElo "1938"]
[PlyCount "133"]
[EventDate "1996.09.21"]

1. d4 Nf6 2. c4 c5 3. d5 b5 4. cxb5 a6 5. f3 g6 6. e4 d6 7. a4 Bg7 8. Na3 O-O
9. Ne2 axb5 10. axb5 Nbd7 11. Nc3 Nb6 12. Bg5 Bd7 13. Nc4 Qc7 14. Nxb6 Qxb6 15.
Bc4 Ra5 16. Rxa5 Qxa5 17. O-O Ra8 18. f4 Bg4 19. Qb3 Kf8 20. f5 gxf5 21. exf5
Nd7 22. h3 f6 23. Be3 Bh5 24. Ne2 Ne5 25. Nf4 Be8 26. Ne6+ Kf7 27. Be2 c4 28.
Bxc4 Nxc4 29. Qxc4 Bxb5 30. Qg4 Bf8 31. Rf3 Qe1+ 32. Kh2 Be2 33. Qh5+ Kg8 34.
Nxf8 Bxf3 35. Qxh7+ Kxf8 36. Bh6+ Ke8 37. Qg8+ Kd7 38. Qxa8 Qf2 39. Qa4+ Kd8
40. Qa5+ Kd7 41. Qd2 Qxd2 42. Bxd2 Bxd5 43. g4 e5 44. fxe6+ Kxe6 45. Kg3 Bb3
46. Kf4 Kf7 47. Bb4 d5 48. Bc3 Kg6 49. h4 Kf7 50. Bd4 Kg6 51. g5 fxg5+ 52. hxg5
Bc4 53. Bf6 Bb3 54. Ke3 Kh5 55. Kd4 Kg6 56. Kc3 Ba4 57. b4 Bc6 58. Kd4 Ba8 59.
b5 Kf5 60. Kc5 Kg6 61. Be7 Kf5 62. Kd4 Bb7 63. Kc5 Ba8 64. Bd8 Kg6 65. Kd4 Kf5
66. Kc5 Kg6 67. Kb6 1/2-1/2

[Event "Torneo Scheveningen"]
[Site "Legnano ITA"]
[Date "1996.09.??"]
[Round "?"]
[White "Sgnaolin, Davide"]
[Black "Pulito, Alberto"]
[Result "0-1"]
[WhiteElo "2080"]
[BlackElo "1651"]
[PlyCount "90"]
[EventDate "1996.09.21"]

1. e4 e6 2. d4 d5 3. Nc3 Nf6 4. Bg5 dxe4 5. Nxe4 Nbd7 6. Nf3 Be7 7. Bxf6 Nxf6
8. Nxf6+ Bxf6 9. Bd3 b6 10. Be4 Rb8 11. Qd3 g6 12. h4 c5 13. h5 Bb7 14. hxg6
hxg6 15. Rxh8+ Bxh8 16. O-O-O Bg7 17. Qb5+ Kf8 18. Qd3 Bh6+ 19. Kb1 c4 20. Qa3+
Kg8 21. Bxb7 Rxb7 22. Ne5 b5 23. Qf3 Qd5 24. Re1 b4 25. Nxc4 Qxf3 26. gxf3 Rd7
27. Rd1 Bg7 28. Kc1 Rxd4 29. Rxd4 Bxd4 30. Ne3 f5 31. a3 bxa3 32. bxa3 Kf7 33.
Kd2 Ke7 34. Kd3 Bc5 35. a4 g5 36. Ke2 Kd6 37. c3 Kc6 38. Nc4 Kd5 39. Ne3+ Bxe3
40. Kxe3 Kc4 41. Kd2 a5 42. Kc2 e5 43. Kd2 Kb3 44. Kd3 f4 45. c4 Kb4 0-1

[Event "Torneo Scheveningen"]
[Site "Legnano ITA"]
[Date "1996.09.??"]
[Round "?"]
[White "Zoldan, Matteo"]
[Black "Mariano, Elia"]
[Result "1/2-1/2"]
[WhiteElo "2160"]
[BlackElo "1938"]
[PlyCount "26"]
[EventDate "1996.09.21"]

1. d4 d5 2. c4 Bf5 3. Nc3 Nf6 4. cxd5 Nxd5 5. f3 Nxc3 6. bxc3 c5 7. e4 Bd7 8.
Bc4 e6 9. Ne2 cxd4 10. cxd4 Bb4+ 11. Bd2 Qa5 12. a3 Bxd2+ 13. Qxd2 Nc6 1/2-1/2

[Event "XXXII Olimpiadi"]
[Site "Yerevan ARM"]
[Date "1996.09.17"]
[Round "2.1"]
[White "Cramling, Pia"]
[Black "Godena, Michele"]
[Result "0-1"]
[WhiteElo "2545"]
[BlackElo "2550"]
[Annotator "ITA-SWE"]
[PlyCount "166"]
[EventDate "1996.09.16"]

1. d4 d5 2. c4 e6 3. Nf3 c6 4. Nc3 Nf6 5. Bg5 h6 6. Bxf6 Qxf6 7. e3 Nd7 8. Bd3
dxc4 9. Bxc4 g6 10. O-O Bg7 11. b4 O-O 12. Rc1 Qe7 13. Qb3 a6 14. Bd3 b6 15.
Be4 Bb7 16. Na4 Rfc8 17. Nd2 Bf8 18. Rb1 Ra7 19. Rfc1 Qd8 20. Nb2 Nf6 21. Bf3
Nd5 22. Nd3 a5 23. bxa5 Rxa5 24. Nc4 Rb5 25. Qc2 Rxb1 26. Rxb1 Ba6 27. Nde5 Bg7
28. Nd3 Bf8 29. Qb3 Rb8 30. Nce5 Qd6 31. Nc5 Ra8 32. Ne4 Qc7 33. Rc1 Bb7 34. a4
Bg7 35. Nc4 Bf8 36. h4 Ba6 37. Ne5 Bb7 38. h5 g5 39. Qc2 Rc8 40. Nd3 Ba6 41.
Ne5 c5 42. Be2 Bb7 43. Qb1 Bg7 44. a5 Bxe5 45. dxe5 Qxe5 46. axb6 Nxb6 47. Nd2
Qd5 48. Nf3 Qc6 49. Qb2 Nd7 50. Rd1 Qb6 51. Qxb6 Nxb6 52. Ne5 Nd5 53. Bf3 c4
54. Rc1 c3 55. Nd7 Rc7 56. Ne5 Kg7 57. Nd3 Kf6 58. Bxd5 Bxd5 59. Nb4 Bb3 60. f3
c2 61. Kf2 Rc4 62. Nd3 Rc3 63. Ne1 g4 64. fxg4 Kg5 65. Ke2 Kxg4 66. Kd2 Rc8 67.
Nd3 Kxh5 68. Rf1 Rc7 69. Ra1 Kg4 70. Ra3 Bd5 71. Ra4+ Kg3 72. e4 Bc4 73. Nc1
Bf1 74. e5 h5 75. Rd4 Bxg2 76. Ne2+ Kf2 77. Rf4+ Bf3 78. Nc1 Kg3 79. Rd4 h4 80.
Rd8 h3 81. Rg8+ Bg4 82. Ne2+ Kh4 83. Rh8+ Bh5 0-1

[Event "XXXII Olimpiadi"]
[Site "Yerevan ARM"]
[Date "1996.09.17"]
[Round "2.3"]
[White "Astrom, Robert"]
[Black "Marinelli, Tullio"]
[Result "1/2-1/2"]
[WhiteElo "2425"]
[BlackElo "2425"]
[Annotator "ITA-SWE"]
[PlyCount "90"]
[EventDate "1996.09.16"]

1. d4 Nf6 2. Nf3 e6 3. c4 b6 4. g3 Bb7 5. Bg2 Be7 6. O-O O-O 7. Bf4 d6 8. Nc3
Ne4 9. Qc2 Nxc3 10. Qxc3 Nd7 11. Rad1 a5 12. Qc2 Nf6 13. d5 e5 14. Bc1 Bc8 15.
e4 Nh5 16. Ne1 f5 17. f4 exf4 18. gxf4 fxe4 19. Bxe4 Nf6 20. Bf5 Bxf5 21. Qxf5
Nd7 22. Qe6+ Kh8 23. Nf3 Nc5 24. Qh3 Bf6 25. f5 Re8 26. Nd4 Bxd4+ 27. Rxd4 Re4
28. Rxe4 Nxe4 29. Re1 Nc5 30. Qh5 Qf8 31. Bg5 Nd7 32. Bh4 Ne5 33. Re4 Qe8 34.
Qe2 Qf7 35. Bg3 Qxf5 36. Bxe5 dxe5 37. Rxe5 Qb1+ 38. Qe1 Qg6+ 39. Kh1 Rf8 40.
Re2 h6 41. b3 Rf4 42. Rf2 Rg4 43. Rf1 Kh7 44. Qb1 Qxb1 45. Rxb1 Re4 1/2-1/2

[Event "XXXII Olimpiadi"]
[Site "Yerevan ARM"]
[Date "1996.09.17"]
[Round "2.4"]
[White "Sarno, Spartaco"]
[Black "Hillarp Persson, Tiger"]
[Result "0-1"]
[WhiteElo "2410"]
[BlackElo "2400"]
[Annotator "ITA-SWE"]
[PlyCount "64"]
[EventDate "1996.09.16"]

1. c4 d6 2. Nc3 e5 3. g3 Nc6 4. Bg2 g6 5. e3 Bg7 6. Nge2 h5 7. h4 Nge7 8. d3
O-O 9. O-O Rb8 10. Rb1 Bg4 11. Qd2 a6 12. b3 b5 13. Bb2 Bh6 14. Nd5 f6 15. Rbc1
Kh7 16. d4 Nxd5 17. cxd5 Ne7 18. Rfe1 Rf7 19. Qa5 Rb6 20. Rc2 g5 21. hxg5 Bxg5
22. Qc3 Ng6 23. Qd3 f5 24. f3 Bxf3 25. Bxf3 e4 26. Bxe4 fxe4 27. Qxe4 Re7 28.
Qf5 Bxe3+ 29. Kh1 Rb8 30. Rf1 Qd7 31. Qxh5+ Kg7 32. Qf5 Rf8 0-1

[Event "XXXII Olimpiadi"]
[Site "Yerevan ARM"]
[Date "1996.09.18"]
[Round "3.3"]
[White "Van der Wiel, John T.H."]
[Black "Marinelli, Tullio"]
[Result "1-0"]
[WhiteElo "2535"]
[BlackElo "2425"]
[Annotator "ITA-NED"]
[PlyCount "73"]
[EventDate "1996.09.16"]

1. e4 c5 2. Nf3 d6 3. d4 cxd4 4. Nxd4 Nf6 5. Nc3 a6 6. a4 e5 7. Nde2 h6 8. g3
Be7 9. Bg2 Nbd7 10. h3 Rb8 11. a5 b5 12. axb6 Nxb6 13. b3 Qc7 14. O-O O-O 15.
Be3 Nbd7 16. Qd2 a5 17. Ra2 Ba6 18. Rfa1 Rfc8 19. Nd1 Bd8 20. Nec3 Qc6 21. Nd5
Nxd5 22. exd5 Qb7 23. Bxh6 gxh6 24. Qxh6 Nf8 25. Ne3 f6 26. Ra4 Qh7 27. Rg4+
Kf7 28. Qxh7+ Nxh7 29. Nf5 Rc7 30. Rxa5 Be2 31. Rg7+ Kf8 32. Rxc7 Bxc7 33. Ra7
Rc8 34. h4 Bg4 35. Be4 Ke8 36. Kg2 Be2 37. Ng7+ 1-0

[Event "XXXII Olimpiadi"]
[Site "Yerevan ARM"]
[Date "1996.09.18"]
[Round "3.4"]
[White "Borgo, Giulio"]
[Black "Van der Sterren, Paul"]
[Result "1/2-1/2"]
[WhiteElo "2375"]
[BlackElo "2510"]
[Annotator "ITA-NED"]
[PlyCount "86"]
[EventDate "1996.09.16"]

1. e4 e5 2. Nf3 Nc6 3. Bb5 a6 4. Ba4 Nf6 5. O-O Be7 6. Bxc6 dxc6 7. d3 Nd7 8.
Nbd2 f6 9. Nh4 g6 10. Nc4 Nc5 11. f4 Be6 12. fxe5 Bxc4 13. dxc4 Qxd1 14. Rxd1
fxe5 15. Nf3 O-O 16. Re1 Rad8 17. b3 Ne6 18. Be3 Bb4 19. Red1 Bc3 20. Rab1 Nd4
21. Bxd4 exd4 22. b4 Rf4 23. e5 Re4 24. Rd3 b5 25. cxb5 axb5 26. Rbd1 Rd5 27.
a3 h6 28. h3 Kf7 29. Kf2 Ke6 30. g4 c5 31. bxc5 Rxc5 32. Nh4 Rcxe5 33. Nxg6
Re2+ 34. Kf3 R5e3+ 35. Rxe3+ Rxe3+ 36. Kf2 Kf6 37. Nf4 Ke5 38. Nd3+ Ke4 39. h4
c6 40. Rg1 Rf3+ 41. Ke2 Re3+ 42. Kf2 Rf3+ 43. Ke2 Re3+ 1/2-1/2

[Event "XXXII Olimpiadi"]
[Site "Yerevan ARM"]
[Date "1996.09.19"]
[Round "4.1"]
[White "Godena, Michele"]
[Black "Magomedov, Magaram"]
[Result "1/2-1/2"]
[WhiteElo "2550"]
[BlackElo "2460"]
[Annotator "ITA-TGK"]
[PlyCount "38"]
[EventDate "1996.09.16"]

1. e4 e5 2. Nf3 Nc6 3. Nc3 Nf6 4. d4 exd4 5. Nxd4 Bb4 6. Nxc6 bxc6 7. Bd3 d5 8.
exd5 cxd5 9. O-O O-O 10. Bg5 c6 11. Ne2 h6 12. Bh4 Bd6 13. Kh1 Re8 14. c3 Bd7
15. Qc2 c5 16. Rfe1 Bf8 17. Rad1 Qb6 18. b3 Rad8 19. f3 Bc8 1/2-1/2

[Event "XXXII Olimpiadi"]
[Site "Yerevan ARM"]
[Date "1996.09.19"]
[Round "4.2"]
[White "Isaev, Jamshed"]
[Black "Arlandi, Ennio"]
[Result "1-0"]
[WhiteElo "2450"]
[BlackElo "2445"]
[Annotator "ITA-TGK"]
[PlyCount "55"]
[EventDate "1996.09.16"]

1. e4 c6 2. d4 d5 3. exd5 cxd5 4. c4 Nf6 5. Nc3 e6 6. c5 Be7 7. Nf3 b6 8. b4
Ne4 9. Qc2 f5 10. Bb5+ Bd7 11. O-O O-O 12. Ne5 Nxc3 13. Bxd7 Nxd7 14. Nc6 Qe8
15. Nxe7+ Qxe7 16. Qxc3 a5 17. a3 axb4 18. axb4 bxc5 19. dxc5 e5 20. Re1 Rxa1
21. Qxa1 e4 22. Bf4 Qe6 23. Bd6 Rc8 24. Qd4 Nf6 25. b5 Nd7 26. Rd1 Kf7 27. h3
Nb6 28. Bf4 1-0

[Event "XXXII Olimpiadi"]
[Site "Yerevan ARM"]
[Date "1996.09.19"]
[Round "4.3"]
[White "Marinelli, Tullio"]
[Black "Nazarov, Anvar"]
[Result "1-0"]
[WhiteElo "2425"]
[BlackElo "2200"]
[Annotator "ITA-TGK"]
[PlyCount "71"]
[EventDate "1996.09.16"]

1. d4 Nf6 2. c4 c5 3. d5 e5 4. Nc3 d6 5. e4 Be7 6. Be2 O-O 7. Nf3 Ne8 8. O-O
Nd7 9. Kh1 a6 10. a3 g6 11. Bh6 Ng7 12. Qd2 Nf6 13. Ne1 Ng4 14. Bxg4 Bxg4 15.
Nd3 Bd7 16. f4 f6 17. Rf3 b5 18. cxb5 axb5 19. Raf1 c4 20. Nb4 Qb6 21. f5 Rf7
22. g4 Ne8 23. Be3 Qb7 24. h4 Bf8 25. Qg2 Bg7 26. g5 fxg5 27. hxg5 Nc7 28. fxg6
Rxf3 29. gxh7+ Kxh7 30. g6+ Kg8 31. Rxf3 Rf8 32. Rxf8+ Bxf8 33. Qh2 Bg7 34.
Qh7+ Kf8 35. Bh6 Ne8 36. Bxg7+ 1-0

[Event "XXXII Olimpiadi"]
[Site "Yerevan ARM"]
[Date "1996.09.20"]
[Round "5.1"]
[White "Godena, Michele"]
[Black "Denny, Kevin William Henderson"]
[Result "1-0"]
[WhiteElo "2550"]
[BlackElo "2240"]
[Annotator "ITA-BAR"]
[PlyCount "85"]
[EventDate "1996.09.16"]

1. e4 d5 2. exd5 Nf6 3. Nf3 Qxd5 4. Nc3 Qd6 5. d4 a6 6. g3 e6 7. Bg2 Be7 8. O-O
O-O 9. Qe2 Qd8 10. Rd1 c6 11. Ne4 Nxe4 12. Qxe4 c5 13. d5 exd5 14. Rxd5 Qe8 15.
Ng5 g6 16. Bd2 h6 17. Nf3 Bf6 18. Qf4 Bg7 19. Rxc5 Nd7 20. Rc4 Nb6 21. Re4 Qb5
22. Ree1 Bd7 23. Rad1 Bc6 24. Nd4 g5 25. Nxb5 gxf4 26. Bxc6 bxc6 27. Nc7 Ra7
28. Bxf4 Bxb2 29. Re4 Bg7 30. Re8 Rxe8 31. Nxe8 Nd5 32. Nxg7 Nxf4 33. Nf5 Ne2+
34. Kf1 Nc3 35. Rd8+ Kh7 36. Rd6 Nxa2 37. Rxh6+ Kg8 38. Rxc6 a5 39. Nd4 a4 40.
Nb5 Ra5 41. Na3 Rd5 42. Rc8+ Kg7 43. Rc4 1-0

[Event "XXXII Olimpiadi"]
[Site "Yerevan ARM"]
[Date "1996.09.20"]
[Round "5.3"]
[White "Sarno, Spartaco"]
[Black "Corbin, Philip Arnold"]
[Result "1-0"]
[WhiteElo "2410"]
[BlackElo "2245"]
[Annotator "ITA-BAR"]
[PlyCount "75"]
[EventDate "1996.09.16"]

1. c4 e5 2. Nc3 Nc6 3. g3 Bc5 4. Bg2 Nge7 5. e3 d6 6. Nge2 Bg4 7. a3 a5 8. h3
Bh5 9. g4 Bg6 10. d4 Bb6 11. d5 Nb8 12. Ng3 f5 13. h4 fxg4 14. h5 Bf7 15. Qxg4
O-O 16. Bd2 c6 17. Nge4 Kh8 18. Ng5 Nd7 19. O-O-O Bg8 20. Bh3 Nf6 21. Qg2 Nxh5
22. Be6 Nf6 23. Rdg1 g6 24. Qh2 h5 25. Qg2 Qe8 26. Bxg8 Rxg8 27. Ne6 Rc8 28.
Kb1 cxd5 29. cxd5 Rxc3 30. bxc3 Nexd5 31. Ng5 Qb5+ 32. Kc1 Qd7 33. Qf3 Kg7 34.
Ne4 Nxe4 35. Qxe4 Ne7 36. Rxh5 Kf6 37. Qh4+ Kf7 38. Rh7+ 1-0

[Event "XXXII Olimpiadi"]
[Site "Yerevan ARM"]
[Date "1996.09.20"]
[Round "5.4"]
[White "Farley, Terry Ricardo"]
[Black "Borgo, Giulio"]
[Result "0-1"]
[WhiteElo "2230"]
[BlackElo "2375"]
[Annotator "ITA-BAR"]
[PlyCount "66"]
[EventDate "1996.09.16"]

1. e4 c5 2. Nc3 e6 3. f4 Nc6 4. Nf3 Nge7 5. d3 d6 6. g3 g6 7. Bg2 Bg7 8. O-O
O-O 9. Be3 Nd4 10. Qd2 Rb8 11. f5 exf5 12. Bg5 Be6 13. Nh4 Qd7 14. Rae1 Rbe8
15. exf5 Nexf5 16. Nxf5 Nxf5 17. g4 Nd4 18. Ne4 f5 19. gxf5 Nxf5 20. Bf4 h6 21.
Kh1 Kh7 22. c4 b6 23. Nc3 Nh4 24. Be4 Bf5 25. Bd5 Bh3 26. Rxe8 Rxe8 27. Re1 Be6
28. Qf2 Bxd5+ 29. Nxd5 Rxe1+ 30. Qxe1 Qh3 31. Qe2 Nf5 32. Qd1 g5 33. Bc1 Be5
0-1

[Event "XXXII Olimpiadi"]
[Site "Yerevan ARM"]
[Date "1996.09.21"]
[Round "6.2"]
[White "Marinelli, Tullio"]
[Black "Minasian, Ara"]
[Result "1/2-1/2"]
[WhiteElo "2425"]
[BlackElo "2425"]
[Annotator "ITA-ARM2"]
[PlyCount "81"]
[EventDate "1996.09.16"]

1. d4 d5 2. c4 c6 3. Nf3 Nf6 4. Nc3 dxc4 5. a4 Bf5 6. e3 e6 7. Bxc4 Bb4 8. O-O
Nbd7 9. Qe2 Bg4 10. h3 Bxf3 11. Qxf3 O-O 12. Ne4 Nxe4 13. Qxe4 Qa5 14. b3 Nb6
15. Be2 Rac8 16. Bb2 Bc3 17. Qc2 Bxb2 18. Qxb2 c5 19. dxc5 Qxc5 20. Bf3 Qb4 21.
a5 Nd7 22. Ra4 Qb5 23. Be2 Qf5 24. Rc1 Rxc1+ 25. Qxc1 Nc5 26. Rb4 Ne4 27. Bf3
Ng5 28. Bg4 Qxa5 29. Rxb7 Ne4 30. Bf3 Nd2 31. Bc6 Qa2 32. b4 h6 33. Rd7 Nc4 34.
Qc3 Rc8 35. Bb7 Rb8 36. Be4 Nb6 37. Rc7 Qa6 38. Qe5 Rd8 39. Bg6 Rd7 40. Bc2 Qa2
41. Rxd7 1/2-1/2

[Event "XXXII Olimpiadi"]
[Site "Yerevan ARM"]
[Date "1996.09.21"]
[Round "6.3"]
[White "Asrian, Karen"]
[Black "Sarno, Spartaco"]
[Result "1-0"]
[WhiteElo "2380"]
[BlackElo "2410"]
[Annotator "ITA-ARM2"]
[PlyCount "129"]
[EventDate "1996.09.16"]

1. e4 d6 2. d4 Nf6 3. Nc3 g6 4. Nf3 Bg7 5. Be2 O-O 6. O-O Bg4 7. Be3 Nc6 8. Qd2
e5 9. dxe5 dxe5 10. Rad1 Qb8 11. Qc1 Rd8 12. Rxd8+ Qxd8 13. Rd1 Qf8 14. h3 Bxf3
15. Bxf3 a6 16. Nb1 Rd8 17. c3 h5 18. Rxd8 Nxd8 19. Nd2 Bh6 20. Nc4 Bxe3 21.
Qxe3 Nc6 22. Bd1 Kh7 23. Qf3 Qe7 24. Bc2 Kg7 25. Qe3 Nh7 26. Qd2 Nf8 27. Ne3
Ne6 28. b4 Qd8 29. Qxd8 Ncxd8 30. Kf1 f6 31. Bb3 c6 32. h4 Kf8 33. g3 Nc7 34.
Ke2 Nde6 35. Nc4 Ke7 36. Na5 Nd8 37. Kd3 Ne8 38. Nc4 Nd6 39. Nxd6 Kxd6 40. f4
Ke7 41. a4 b5 42. a5 Nf7 43. c4 g5 44. cxb5 cxb5 45. fxg5 fxg5 46. hxg5 Nxg5
47. Bd1 Nf7 48. Bxh5 Nd8 49. Bg4 Nc6 50. Kc3 Na7 51. Bf5 Kf7 52. Bh3 Kf6 53.
Bg4 Kg5 54. Be6 Kh5 55. Bd7 Kg5 56. Be6 Kh5 57. Bd5 Kg4 58. Bb7 Kxg3 59. Bxa6
Kf4 60. Kd3 Kf3 61. Bxb5 Nxb5 62. a6 Nc7 63. a7 Na8 64. Kc4 Kxe4 65. b5 1-0

[Event "XXXII Olimpiadi"]
[Site "Yerevan ARM"]
[Date "1996.09.23"]
[Round "7.1"]
[White "Godena, Michele"]
[Black "Nikolaidis, Ioannis"]
[Result "1/2-1/2"]
[WhiteElo "2550"]
[BlackElo "2585"]
[Annotator "ITA-GRE"]
[PlyCount "41"]
[EventDate "1996.09.16"]

1. e4 c6 2. d4 d5 3. Nd2 dxe4 4. Nxe4 Bf5 5. Nc5 Qb6 6. Nf3 e6 7. Nb3 Nf6 8.
Be2 Nbd7 9. O-O Qc7 10. Bg5 Bd6 11. Bd3 Bg4 12. h3 Bh5 13. Nbd2 O-O 14. c3 c5
15. Qc2 Bf4 16. Bxf4 Qxf4 17. Rfe1 cxd4 18. Nxd4 Nc5 19. Nc4 Nxd3 20. Qxd3 Nd7
21. Qe3 1/2-1/2

[Event "XXXII Olimpiadi"]
[Site "Yerevan ARM"]
[Date "1996.09.23"]
[Round "7.2"]
[White "Kotronias, Vasilios"]
[Black "Arlandi, Ennio"]
[Result "1-0"]
[WhiteElo "2615"]
[BlackElo "2445"]
[Annotator "ITA-GRE"]
[PlyCount "65"]
[EventDate "1996.09.16"]

1. e4 c6 2. d4 d5 3. e5 Bf5 4. Nc3 e6 5. g4 Bg6 6. Nge2 c5 7. h4 h5 8. Nf4 Bh7
9. g5 cxd4 10. Nb5 Be4 11. f3 Bf5 12. Nxd4 Ne7 13. Bb5+ Nbc6 14. g6 Qc7 15.
Bxc6+ Nxc6 16. Nxc6 bxc6 17. gxf7+ Kxf7 18. Qe2 Be7 19. Kf1 c5 20. Bd2 Rab8 21.
c4 dxc4 22. Bc3 g5 23. hxg5 Bxg5 24. Qxc4 Qd8 25. Rh2 Bxf4 26. Qxf4 Qd3+ 27.
Ke1 Rbg8 28. Rd2 Rg1+ 29. Kf2 Qxd2+ 30. Qxd2 Rxa1 31. Qd7+ Kg6 32. Qe7 Rxa2 33.
Qf6+ 1-0

[Event "XXXII Olimpiadi"]
[Site "Yerevan ARM"]
[Date "1996.09.23"]
[Round "7.3"]
[White "Marinelli, Tullio"]
[Black "Anagnostopoulos, Dimitri"]
[Result "0-1"]
[WhiteElo "2425"]
[BlackElo "2515"]
[Annotator "ITA-GRE"]
[PlyCount "96"]
[EventDate "1996.09.16"]

1. d4 Nf6 2. c4 g6 3. Nc3 Bg7 4. e4 d6 5. f3 O-O 6. Be3 e5 7. d5 c6 8. Nge2
cxd5 9. cxd5 a6 10. Qd2 Nbd7 11. g4 b5 12. Ng3 Nb6 13. h4 b4 14. Nd1 a5 15. h5
Re8 16. Qh2 Kf8 17. hxg6 hxg6 18. Bb5 Bd7 19. Bxd7 Nbxd7 20. Rc1 Rc8 21. Rxc8
Qxc8 22. Bh6 Bxh6 23. Qxh6+ Ke7 24. g5 Ng8 25. Qg7 Qc1 26. Rh7 Kd8 27. Qxf7 Ne7
28. Qe6 Qxg5 29. Nf1 Kc7 30. Rh2 Nc5 31. Rc2 Rd8 32. Nde3 Kb7 33. Qh3 Nd3+ 34.
Kd2 Nf4 35. Qh2 Rc8 36. Rxc8 Nxc8 37. Qh7+ Ka6 38. Qd7 Nb6 39. Qg4 Qd8 40. Qg3
Qc7 41. Qh2 Nc4+ 42. Kd1 Nd3 43. Qc2 Ndxb2+ 44. Ke2 Qc5 45. Nxc4 Nxc4 46. Qd3
Kb6 47. Nd2 Nxd2 48. Qxd2 Qc4+ 0-1

[Event "XXXII Olimpiadi"]
[Site "Yerevan ARM"]
[Date "1996.09.23"]
[Round "7.4"]
[White "Banikas, Hristos"]
[Black "Borgo, Giulio"]
[Result "1/2-1/2"]
[WhiteElo "2445"]
[BlackElo "2375"]
[Annotator "ITA-GRE"]
[PlyCount "70"]
[EventDate "1996.09.16"]

1. c4 Nf6 2. Nc3 c5 3. g3 d5 4. cxd5 Nxd5 5. Bg2 Nc7 6. Qa4+ Bd7 7. Qb3 Bc6 8.
Bxc6+ Nxc6 9. Qxb7 Nd4 10. Nf3 Rb8 11. Qe4 f5 12. Qd3 Qd6 13. b3 e5 14. Ba3 Qc6
15. Nb1 Nce6 16. O-O Nxf3+ 17. Qxf3 Qxf3 18. exf3 Nd4 19. Bb2 Nc2 20. Bxe5 Rd8
21. Rc1 Nxa1 22. Bxa1 h5 23. Bc3 Rh6 24. Re1+ Kd7 25. Na3 Re6 26. Re3 Rxe3 27.
fxe3 Ke6 28. h4 Be7 29. Nc4 Bf6 30. Ba5 Rd7 31. Kf2 g5 32. hxg5 Bxg5 33. Ke2
Bd8 34. Bc3 Bf6 35. Ba5 Bd8 1/2-1/2

[Event "XXXII Olimpiadi"]
[Site "Yerevan ARM"]
[Date "1996.09.24"]
[Round "8.1"]
[White "Yegiazarian, Arsen"]
[Black "Arlandi, Ennio"]
[Result "1/2-1/2"]
[WhiteElo "2455"]
[BlackElo "2445"]
[Annotator "ITA-ARM3"]
[PlyCount "61"]
[EventDate "1996.09.16"]

1. Nf3 Nf6 2. d4 e6 3. g3 d5 4. Bg2 Be7 5. O-O O-O 6. c4 dxc4 7. Qc2 a6 8. a4
Bd7 9. Qxc4 Bc6 10. Nc3 b5 11. Qd3 b4 12. Nb1 Be4 13. Qd1 c5 14. Nbd2 Bd5 15.
dxc5 Nbd7 16. Nb3 Nxc5 17. Nxc5 Bxc5 18. Ne5 Bxg2 19. Kxg2 Qc7 20. Nd3 Be7 21.
Bg5 Nd5 22. Bxe7 Qxe7 23. e4 Nf6 24. Qe2 Rfd8 25. Rfd1 Rd4 26. f3 Rad8 27. Nf2
Rxd1 28. Rxd1 a5 29. Rxd8+ Qxd8 30. Qb5 h6 31. Qd3 1/2-1/2

[Event "XXXII Olimpiadi"]
[Site "Yerevan ARM"]
[Date "1996.09.24"]
[Round "8.2"]
[White "Marinelli, Tullio"]
[Black "Galdunts, Sergey"]
[Result "0-1"]
[WhiteElo "2425"]
[BlackElo "2465"]
[Annotator "ITA-ARM3"]
[PlyCount "90"]
[EventDate "1996.09.16"]

1. d4 Nf6 2. c4 e6 3. Nc3 d5 4. Bg5 Be7 5. e3 h6 6. Bh4 O-O 7. Nf3 b6 8. Bxf6
Bxf6 9. cxd5 exd5 10. Be2 Be6 11. O-O c5 12. Rc1 Nc6 13. Qa4 cxd4 14. exd4 Qd6
15. Nb5 Qd7 16. Nc7 Nxd4 17. Qa6 Nxe2+ 18. Qxe2 Rac8 19. Nxe6 fxe6 20. b3 Rc5
21. Rcd1 Qc8 22. Rfe1 Rc2 23. Rd2 Rxd2 24. Nxd2 e5 25. Qd3 Rd8 26. f3 e4 27.
Qe2 Bd4+ 28. Kh1 Qc2 29. fxe4 Bc3 30. Nf1 Qxe2 31. Rxe2 d4 32. Rc2 Bb4 33. Rc1
Rf8 34. Kg1 d3 35. Rd1 d2 36. a3 Bxa3 37. g3 Bc5+ 38. Kh1 Bb4 39. Kg2 a5 40.
Ne3 Bc5 41. Nf5 Bb4 42. Nd4 Rc8 43. Kf1 Re8 44. Nc6 Bc3 45. e5 Re6 0-1

[Event "XXXII Olimpiadi"]
[Site "Yerevan ARM"]
[Date "1996.09.24"]
[Round "8.3"]
[White "Nadanian, Ashot"]
[Black "Borgo, Giulio"]
[Result "1-0"]
[WhiteElo "2325"]
[BlackElo "2375"]
[Annotator "ITA-ARM3"]
[PlyCount "79"]
[EventDate "1996.09.16"]

1. d4 Nf6 2. c4 c5 3. d5 b5 4. cxb5 a6 5. f3 axb5 6. e4 Qa5+ 7. b4 cxb4 8. Nd2
e6 9. Nb3 Qc7 10. Bb2 Na6 11. Rc1 Qb8 12. d6 Bb7 13. Be5 Nh5 14. Bxb5 Bc8 15.
Bc6 f6 16. f4 g6 17. Bxa8 fxe5 18. Qc2 Kd8 19. Nf3 Bxd6 20. Ng5 Ke7 21. fxe5
Bxe5 22. Rf1 Nf6 23. Qf2 Qxa8 24. Nc5 Nxc5 25. Qxc5+ Bd6 26. Qd4 e5 27. Qc4 Rf8
28. Rxf6 Kxf6 29. Nxh7+ Kg7 30. Nxf8 Ba6 31. Ne6+ dxe6 32. Qc6 Qa7 33. Kd1 Be7
34. Kc2 Bg5 35. Rd1 Qf2+ 36. Kb1 Be2 37. Qc7+ Kh6 38. Qc8 Bf6 39. Rd7 Kg5 40.
Qc1+ 1-0

[Event "XXXII Olimpiadi"]
[Site "Yerevan ARM"]
[Date "1996.09.24"]
[Round "8.4"]
[White "D'Amore, Carlo"]
[Black "Chibukhchian, Artur"]
[Result "1-0"]
[WhiteElo "2450"]
[BlackElo "2310"]
[Annotator "ITA-ARM3"]
[PlyCount "83"]
[EventDate "1996.09.16"]

1. Nf3 Nf6 2. g3 g6 3. b3 Bg7 4. Bb2 O-O 5. Bg2 d6 6. d4 Nc6 7. O-O e5 8. dxe5
Ng4 9. Nc3 Ngxe5 10. Nxe5 Nxe5 11. h3 Re8 12. Kh2 h5 13. e3 Rb8 14. Qd2 b5 15.
f4 Nd7 16. Rac1 b4 17. Nd1 Ba6 18. Rf2 Bxb2 19. Nxb2 Nc5 20. e4 Qf6 21. e5 Qg7
22. Bc6 Red8 23. Qe3 Rb6 24. Bg2 Re8 25. c3 h4 26. gxh4 Nd7 27. Na4 dxe5 28.
Nxb6 axb6 29. Bc6 Re7 30. cxb4 Nf6 31. fxe5 Nh5 32. Bf3 Qh8 33. Qg5 Rd7 34.
Bxh5 Qxh5 35. Qxh5 gxh5 36. Rg1+ Kh7 37. Rg5 Bb7 38. Rxh5+ Kg6 39. Rg5+ Kh6 40.
Rgf5 Bd5 41. Rd2 c6 42. b5 1-0

[Event "XXXII Olimpiadi"]
[Site "Yerevan ARM"]
[Date "1996.09.25"]
[Round "9.1"]
[White "Godena, Michele"]
[Black "Khakpoor, Abbas"]
[Result "1/2-1/2"]
[WhiteElo "2550"]
[BlackElo "2200"]
[Annotator "ITA-IRN"]
[PlyCount "78"]
[EventDate "1996.09.16"]

1. e4 c5 2. c3 d5 3. exd5 Qxd5 4. d4 Nc6 5. dxc5 Qxd1+ 6. Kxd1 Nf6 7. Nf3 Bg4
8. h3 Bxf3+ 9. gxf3 e6 10. b4 a5 11. Bd2 axb4 12. cxb4 O-O-O 13. a3 Nd4 14. Be2
Nd5 15. Ra2 Be7 16. Ke1 Bf6 17. Nc3 Rhe8 18. Nxd5 exd5 19. Bf4 Re6 20. Kd1 Rde8
21. Bd3 g6 22. Bg3 Nxf3 23. Re2 Bc3 24. Rxe6 Rxe6 25. Kc2 Bg7 26. Rd1 h5 27.
Bf1 h4 28. Bd6 Nd4+ 29. Kb1 Nf5 30. Bh2 Bc3 31. Bg2 Re2 32. Bxd5 Nd4 33. Bc4
Rb2+ 34. Kc1 Rxf2 35. Bg1 Rc2+ 36. Kb1 Rb2+ 37. Kc1 Rc2+ 38. Kb1 Rb2+ 39. Kc1
Rc2+ 1/2-1/2